000 00925cam a22003014a 4500
008
020 _a9781118665695 (paperback)
040 _aNUST
_cNUST
049 _aMAIN
090 _aRC556
_bABC
245 0 0 _aABC of sexual health /
_cedited by Kevan Wylie.
250 _aThird edition.
260 _aMalden :
_bBlackwell Pub.,
_c2015.
300 _ax, 127 pages :
_bchiefly coloured illustrations ;
_c27 cm.
336 _atext
_btxt
_2rdacontent
337 _aunmediated
_bn
_2rdamedia
338 _avolume
_bnc
_2rdacarrier
500 _aIncludes Index.
504 _aIncludes bibliographical references.
650 0 _aSexual disorders.
650 0 _aPsychosexual disorders.
650 1 2 _aSexual Dysfunction, Physiological.
700 1 _aKevan Wylie
907 _a.b10398211
_b21-08-19
_c08-07-19
003
005 20230123141142.0
942 _cBOOKS
_kRC556
_mABC
999 _c168583
_d168583